00500nam a2200193 a 4500001001300000003000900013005001700022008004100039020001000080082001300090100002700103245002300130260003100153300001000184500003500194505003400229650001600263700002700279nice12345678IN_TiNIC20260116011617.0050524s1897 kana grp 000 0 urd  ac10000a239bMUH aMuhammad, Abdul Razzaq aKitab-Ul-Baramika. aKanpurbNo Publisherc1897 a430p. aincludes index and biblioraphy2 aNames Index and Subject Index aApologetics1 aMuhammad, Abdul Razzaq